/التكنولوجيا (Record no. 14627)
[ view plain ]
| 000 -LEADER | |
|---|---|
| fixed length control field | 03619nam a22004577a 4500 |
| 008 - FIXED-LENGTH DATA ELEMENTS--GENERAL INFORMATION | |
| fixed length control field | 100805s1991 le|||||d||| 000 0 ra d |
| 082 ## - DEWEY DECIMAL CLASSIFICATION NUMBER | |
| Classification number | 603 |
| Item number | ت ك ن |
| 245 ## - TITLE STATEMENT | |
| Title | /التكنولوجيا |
| Statement of responsibility, etc | الشركة الشرقية للمطبوعات |
| 260 ## - PUBLICATION, DISTRIBUTION, ETC. (IMPRINT) | |
| Place of publication, distribution, etc | [بيروت]: |
| Name of publisher, distributor, etc | الشركة الشرقية للمطبوعات[موزع]،1991 |
| Date of publication, distribution, etc | 1991 |
| 300 ## - PHYSICAL DESCRIPTION | |
| Extent | 14 مج: |
| Other physical details | ايض لو؛ |
| Dimensions | 30 سم |
| 500 ## - GENERAL NOTE | |
| General note | موسوعة علمية أبجدية مصورة بالألوان |
| 650 ## - SUBJECT ADDED ENTRY--TOPICAL TERM | |
| 9 (RLIN) | 15271 |
| Topical term or geographic name as entry element | التكنولوجيا |
| Form subdivision | دوائر المعارف |
| 650 ## - SUBJECT ADDED ENTRY--TOPICAL TERM | |
| 9 (RLIN) | 15285 |
| Topical term or geographic name as entry element | الآلات الصناعية |
| 650 ## - SUBJECT ADDED ENTRY--TOPICAL TERM | |
| 9 (RLIN) | 17283 |
| Topical term or geographic name as entry element | الاختراعات |
| 650 ## - SUBJECT ADDED ENTRY--TOPICAL TERM | |
| 9 (RLIN) | 17284 |
| Topical term or geographic name as entry element | الاقتصاد المنزلي |
| 650 ## - SUBJECT ADDED ENTRY--TOPICAL TERM | |
| 9 (RLIN) | 17285 |
| Topical term or geographic name as entry element | الزراعة |
| 650 ## - SUBJECT ADDED ENTRY--TOPICAL TERM | |
| 9 (RLIN) | 15281 |
| Topical term or geographic name as entry element | الصناعات |
| 650 ## - SUBJECT ADDED ENTRY--TOPICAL TERM | |
| 9 (RLIN) | 17286 |
| Topical term or geographic name as entry element | الصناعة |
| 650 ## - SUBJECT ADDED ENTRY--TOPICAL TERM | |
| 9 (RLIN) | 17287 |
| Topical term or geographic name as entry element | الطب |
| 650 ## - SUBJECT ADDED ENTRY--TOPICAL TERM | |
| 9 (RLIN) | 17288 |
| Topical term or geographic name as entry element | العلوم التطبيقية |
| 650 ## - SUBJECT ADDED ENTRY--TOPICAL TERM | |
| 9 (RLIN) | 17289 |
| Topical term or geographic name as entry element | الفنون الصناعية |
| 650 ## - SUBJECT ADDED ENTRY--TOPICAL TERM | |
| 9 (RLIN) | 17290 |
| Topical term or geographic name as entry element | الكيمياء الصناعية |
| 650 ## - SUBJECT ADDED ENTRY--TOPICAL TERM | |
| 9 (RLIN) | 17291 |
| Topical term or geographic name as entry element | المصانع |
| 650 ## - SUBJECT ADDED ENTRY--TOPICAL TERM | |
| 9 (RLIN) | 17292 |
| Topical term or geographic name as entry element | الهندسة الكهربائية |
| 710 ## - ADDED ENTRY--CORPORATE NAME | |
| 9 (RLIN) | 17293 |
| Corporate name or jurisdiction name as entry element | الشركة الشرقية للمطبوعات |
| 942 ## - ADDED ENTRY ELEMENTS (KOHA) | |
| Source of classification or shelving scheme | Dewey Decimal Classification |
| Item type | Book - Borrowing |
| Withdrawn status | Item status | Source of classification or shelving scheme | Damaged status | Not for loan | Vendor | Home library | Current library | Shelving location | Date acquired | Source of acquisition | Total Checkouts | Full call number | Barcode | Date last seen | Koha item type | Public note |
|---|---|---|---|---|---|---|---|---|---|---|---|---|---|---|---|---|
| Dewey Decimal Classification | Central Library | Central Library | First floor | 05/08/2010 | 603 ت ك ن | 000021696 | 15/07/2025 | Book - Borrowing | مج 1 | |||||||
| Dewey Decimal Classification | Central Library | Central Library | First floor | 05/08/2010 | 603 ت ك ن | 000021697 | 15/07/2025 | Book - Borrowing | مج2 | |||||||
| Dewey Decimal Classification | Central Library | Central Library | First floor | 05/08/2010 | 603 ت ك ن | 000021698 | 15/07/2025 | Book - Borrowing | مج3 | |||||||
| Dewey Decimal Classification | Central Library | Central Library | First floor | 05/08/2010 | 603 ت ك ن | 000021699 | 15/07/2025 | Book - Borrowing | مج4 | |||||||
| Dewey Decimal Classification | Central Library | Central Library | First floor | 05/08/2010 | 603 ت ك ن | 000021700 | 15/07/2025 | Book - Borrowing | مج5 | |||||||
| Dewey Decimal Classification | Central Library | Central Library | First floor | 05/08/2010 | 603 ت ك ن | 000021701 | 15/07/2025 | Book - Borrowing | مج6 | |||||||
| Dewey Decimal Classification | Central Library | Central Library | First floor | 05/08/2010 | 603 ت ك ن | 000021702 | 15/07/2025 | Book - Borrowing | مج7 | |||||||
| Dewey Decimal Classification | Central Library | Central Library | First floor | 05/08/2010 | 603 ت ك ن | 000021703 | 15/07/2025 | Book - Borrowing | مج8 | |||||||
| Dewey Decimal Classification | Central Library | Central Library | First floor | 05/08/2010 | 603 ت ك ن | 000021704 | 15/07/2025 | Book - Borrowing | مج9 | |||||||
| Dewey Decimal Classification | Central Library | Central Library | First floor | 05/08/2010 | 603 ت ك ن | 000021705 | 15/07/2025 | Book - Borrowing | مج10 | |||||||
| Dewey Decimal Classification | Central Library | Central Library | First floor | 05/08/2010 | 603 ت ك ن | 000021706 | 15/07/2025 | Book - Borrowing | مج11 | |||||||
| Dewey Decimal Classification | Central Library | Central Library | First floor | 05/08/2010 | 603 ت ك ن | 000021707 | 15/07/2025 | Book - Borrowing | مج12 | |||||||
| Dewey Decimal Classification | Central Library | Central Library | First floor | 05/08/2010 | 603 ت ك ن | 000021708 | 15/07/2025 | Book - Borrowing | مج13 | |||||||
| Dewey Decimal Classification | Central Library | Central Library | First floor | 05/08/2010 | 603 ت ك ن | 000021709 | 15/07/2025 | Book - Borrowing | مج14 |